<?xml version="1.0" encoding="UTF-8"?>
<record
    xmlns:xsi="http://www.w3.org/2001/XMLSchema-instance"
    xsi:schemaLocation="http://www.loc.gov/MARC21/slim http://www.loc.gov/standards/marcxml/schema/MARC21slim.xsd"
    xmlns="http://www.loc.gov/MARC21/slim">

  <leader>00805nam a22002057a 4500</leader>
  <controlfield tag="003">KOHA_M&#x130;RAKIL</controlfield>
  <controlfield tag="005">20260330132254.0</controlfield>
  <controlfield tag="008">260330b        tu ||||| |||| 00| 0 tur d</controlfield>
  <datafield tag="040" ind1=" " ind2=" ">
    <subfield code="a">TR-AnABB</subfield>
    <subfield code="b">tur</subfield>
    <subfield code="c">TR-AnABB</subfield>
  </datafield>
  <datafield tag="041" ind1=" " ind2=" ">
    <subfield code="a">tur</subfield>
  </datafield>
  <datafield tag="082" ind1=" " ind2=" ">
    <subfield code="a">920.72</subfield>
    <subfield code="b">KIV 1998</subfield>
  </datafield>
  <datafield tag="100" ind1="1" ind2=" ">
    <subfield code="a">K&#x131;van&#xE7;, Halit</subfield>
  </datafield>
  <datafield tag="245" ind1="1" ind2="0">
    <subfield code="a">Bulutlarla yar&#x131;&#x15F;an kad&#x131;n : Halit K&#x131;van&#xE7;, Sabiha G&#xF6;k&#xE7;en'le s&#xF6;yle&#x15F;iyor =</subfield>
    <subfield code="b">she raced with the clouds : Halit K&#x131;van&#xE7; interviews Sabiha G&#xF6;k&#xE7;en /</subfield>
    <subfield code="c">Halit K&#x131;van&#xE7; ; translated by Fred Stark</subfield>
  </datafield>
  <datafield tag="246" ind1=" " ind2=" ">
    <subfield code="a">She raced with the clouds : Halit K&#x131;vanc interviews Sabiha G&#xF6;k&#xE7;en</subfield>
  </datafield>
  <datafield tag="260" ind1=" " ind2=" ">
    <subfield code="a">&#x130;stanbul : </subfield>
    <subfield code="b">Yap&#x131; Kredi Yay&#x131;nlar&#x131;,</subfield>
    <subfield code="c">1998</subfield>
  </datafield>
  <datafield tag="300" ind1=" " ind2=" ">
    <subfield code="a">89 sayfa ; </subfield>
    <subfield code="c">18 cm</subfield>
  </datafield>
  <datafield tag="650" ind1="0" ind2="4">
    <subfield code="a">Biyografi, Sabiha G&#xF6;k&#xE7;en</subfield>
  </datafield>
  <datafield tag="700" ind1="1" ind2=" ">
    <subfield code="a">Stark, Fred,</subfield>
    <subfield code="e">&#xE7;eviren</subfield>
    <subfield code="9">3226</subfield>
  </datafield>
  <datafield tag="942" ind1=" " ind2=" ">
    <subfield code="2">ddc</subfield>
    <subfield code="c">BK</subfield>
  </datafield>
  <datafield tag="952" ind1=" " ind2=" ">
    <subfield code="0">0</subfield>
    <subfield code="1">0</subfield>
    <subfield code="2">ddc</subfield>
    <subfield code="7">0</subfield>
    <subfield code="a">RUK</subfield>
    <subfield code="b">RUK</subfield>
    <subfield code="d">2026-03-30</subfield>
    <subfield code="l">0</subfield>
    <subfield code="o">920.72 KIV 1998</subfield>
    <subfield code="p">RK1118</subfield>
    <subfield code="r">2026-03-30 13:23:23</subfield>
    <subfield code="w">2026-03-30</subfield>
    <subfield code="y">BK</subfield>
  </datafield>
  <datafield tag="999" ind1=" " ind2=" ">
    <subfield code="c">10101</subfield>
    <subfield code="d">10101</subfield>
  </datafield>
  <datafield tag="900" ind1=" " ind2=" ">
    <subfield code="b">Can &#xC7;ELIK</subfield>
  </datafield>
</record>
